000 00765nam a2200193Ia 4500
003 GCL
008 140319s9999 xx 000 0 ara d
040 _aGCL /
_cGCL
082 0 4 _a343.052
_bر ش
100 1 _aرمضان صديق
245 1 0 _aشرح قانون الضريبة على الدخل الجديد الصادر بالقانون رقم 91 لسنة 2005 مقارنا بالقانون رقم 157 لسنة 1981 /
_cرمضان صديق
260 _aالقاهرة :
_bدار النهضة المصرية ،
_c2006
300 _a431 ص ؛
_c24 سم
650 0 4 _aضرائب الدخل
650 0 4 _aالضرائب - جمع
650 0 4 _aضرائب الدخل - قوانين وتشريعات
650 0 4 _aضرائب الدخل - مصر
942 _2ddc
_cBK
999 _c8613
_d8613